Champions de Ligue 1 (1933-) - Statistiques

Statistiques générales
  • Ce quiz a été pris 111 fois
  • Le résultat moyen est 67 sur 84
Statistiques - réponses
Saison Club champion % Correct
2002 Olympique Lyonnais
98%
2003 Olympique Lyonnais
98%
2004 Olympique Lyonnais
98%
2005 Olympique Lyonnais
98%
2006 Olympique Lyonnais
98%
2007 Olympique Lyonnais
98%
1986 Paris-Saint-Germain
98%
1994 Paris-Saint-Germain
98%
2013 Paris-Saint-Germain
98%
2014 Paris-Saint-Germain
98%
2015 Paris-Saint-Germain
98%
2016 Paris-Saint-Germain
98%
2018 Paris-Saint-Germain
98%
2019 Paris-Saint-Germain
98%
2020 Paris-Saint-Germain
98%
2022 Paris-Saint-Germain
98%
2023 Paris-Saint-Germain
98%
2008 Olympique Lyonnais
94%
1937 Olympique de Marseille
93%
1948 Olympique de Marseille
93%
1971 Olympique de Marseille
93%
1972 Olympique de Marseille
93%
1989 Olympique de Marseille
93%
1990 Olympique de Marseille
93%
1991 Olympique de Marseille
93%
1992 Olympique de Marseille
93%
2010 Olympique de Marseille
93%
1950 Girondins de Bordeaux
91%
1984 Girondins de Bordeaux
91%
1985 Girondins de Bordeaux
91%
1987 Girondins de Bordeaux
91%
1999 Girondins de Bordeaux
91%
2009 Girondins de Bordeaux
91%
1961 AS Monaco
90%
1963 AS Monaco
90%
1978 AS Monaco
90%
1982 AS Monaco
90%
1988 AS Monaco
90%
1997 AS Monaco
90%
2000 AS Monaco
90%
2017 AS Monaco
90%
1933 Olympique lillois
83%
1957 AS Saint-Etienne
79%
1964 AS Saint-Etienne
79%
1967 AS Saint-Etienne
79%
1968 AS Saint-Etienne
79%
1969 AS Saint-Etienne
79%
1970 AS Saint-Etienne
79%
1974 AS Saint-Etienne
79%
1975 AS Saint-Etienne
79%
1976 AS Saint-Etienne
79%
1981 AS Saint-Etienne
79%
1951 OGC Nice
78%
1952 OGC Nice
78%
1956 OGC Nice
78%
1959 OGC Nice
78%
1965 FC Nantes
77%
1966 FC Nantes
77%
1973 FC Nantes
77%
1977 FC Nantes
77%
1980 FC Nantes
77%
1983 FC Nantes
77%
1995 FC Nantes
77%
2001 FC Nantes
77%
2012 Montpellier HSC
74%
1998 RC Lens
74%
1946 LOSC Lille
71%
1954 LOSC Lille
71%
2011 LOSC Lille
71%
2021 LOSC Lille
71%
1953 Stade de Reims
61%
1949 Stade de Reims
59%
1955 Stade de Reims
59%
1958 Stade de Reims
59%
1960 Stade de Reims
59%
1962 Stade de Reims
59%
1996 AJ Auxerre
50%
1979 RC Strasbourg
50%
1935 FC Sochaux
38%
1938 FC Sochaux
38%
1934 FC Sète
19%
1939 FC Sète
19%
1947 CO Roubaix-Tourcoing
11%
1936 RC Paris
8%
Aucun quiz correspondant
Distribution des résultats
% des personnes avec chaque résultat
Percentile par nombre de réponses
Votre historique - résultats
Vous n’avez pas pris ce quiz